Hara-Kiri : Japanese ritual suicide
Gardado en:
| Autor Principal: | |
|---|---|
| Formato: | Libro |
| Idioma: | Undetermined |
| Publicado: |
Rutland
Charles E. Tuttle Company
1968
|
| Những chủ đề: | |
| Các nhãn: |
Engadir etiqueta
Sen Etiquetas, Sexa o primeiro en etiquetar este rexistro!
|
| Thư viện lưu trữ: | Trung tâm Học liệu Trường Đại học Cần Thơ |
|---|
| LEADER | 00495nam a2200193Ia 4500 | ||
|---|---|---|---|
| 001 | CTU_114467 | ||
| 008 | 210402s9999 xx 000 0 und d | ||
| 082 | |a 364.15 | ||
| 082 | |b S514 | ||
| 100 | |a Seward, Jack | ||
| 245 | 0 | |a Hara-Kiri : | |
| 245 | 0 | |b Japanese ritual suicide | |
| 245 | 0 | |c Jack Seward | |
| 260 | |a Rutland | ||
| 260 | |b Charles E. Tuttle Company | ||
| 260 | |c 1968 | ||
| 650 | |a Suicide,Bushido | ||
| 650 | |z Japan | ||
| 980 | |a Trung tâm Học liệu Trường Đại học Cần Thơ | ||